000 00502nam a2200169Ia 4500
003 GCL
008 140319s9999 xx 000 0 eng d
040 _aGCL /
_cGCL
082 0 4 _a327.0904
_bB I
100 1 _aBERRIDGI, G.R
245 1 0 _aINTERNATIONAL POLITICS: STATES POWER AND CONFLICT SINCE 1945 /
_cBERRIDGI, G.R
260 _a[S.N] :
_bPRENTICE HALL HARVESTER WHEATSHEAF ،
_c1996
300 _a244 P
650 0 4 _aINTERNATIONAL RELATIONS
650 0 4 _aWORLD POLITICS - 1945
942 _2ddc
_cBK
999 _c13340
_d13340